| 000 -LEADER |
| fixed length control field |
00969nam a2200229Ia 4500 |
| 001 - CONTROL NUMBER |
| control field |
7934 |
| 003 - CONTROL NUMBER IDENTIFIER |
| control field |
GE_BSU |
| 005 - DATE AND TIME OF LATEST TRANSACTION |
| control field |
20221003124227.0 |
| 008 - FIXED-LENGTH DATA ELEMENTS--GENERAL INFORMATION |
| fixed length control field |
181216s2010en xx |||||||||||||| ||eng|| |
| 020 ## - INTERNATIONAL STANDARD BOOK NUMBER |
| International Standard Book Number |
9785397015516 |
| 040 ## - CATALOGING SOURCE |
| Transcribing agency |
GE_BSU |
| 041 ## - LANGUAGE CODE |
| Language code of text/sound track or separate title |
eng, rus |
| 080 ## - UNIVERSAL DECIMAL CLASSIFICATION NUMBER |
| Universal Decimal Classification number |
811.111+327 М-92 |
| 100 ## - MAIN ENTRY--PERSONAL NAME |
| Personal name |
Мukhortov, Denis/Мухортов,Денис |
| 9 (RLIN) |
14960 |
| 245 ## - TITLE STATEMENT |
| Title |
Politikal English an advanced mass media course : |
| Remainder of title |
Уч. пособ.по анг. языку в сфере политики и междун. отношении / |
| Statement of responsibility, etc. |
Denis Мukhortov, Денис Мухортов |
| 264 ## - PRODUCTION, PUBLICATION, DISTRIBUTION, MANUFACTURE, AND COPYRIGHT NOTICE |
| Place of production, publication, distribution, manufacture |
Москва : |
| Name of producer, publisher, distributor, manufacturer |
Книжный дом "ЛИБРОКОМ, |
| Date of production, publication, distribution, manufacture, or copyright notice |
2010. |
| 300 ## - PHYSICAL DESCRIPTION |
| Extent |
231 cтр.: |
| Dimensions |
22 cm; |
| 653 ## - INDEX TERM--UNCONTROLLED |
| keyword |
Politikal English an advanced mass media course |
| 653 ## - INDEX TERM--UNCONTROLLED |
| keyword |
политика и междун. отношении |
| 653 ## - INDEX TERM--UNCONTROLLED |
| keyword |
პოლიტიკა და საერთაშორისო ურთიერთობა |
| 942 ## - ADDED ENTRY ELEMENTS (KOHA) |
| Koha item type |
წიგნი |
| Source of classification or shelving scheme |
|